<?xml version="1.0" encoding="UTF-8"?><?xml-stylesheet type="text/xsl" href="static/style.xsl"?><OAI-PMH xmlns="http://www.openarchives.org/OAI/2.0/" xmlns:xsi="http://www.w3.org/2001/XMLSchema-instance" xsi:schemaLocation="http://www.openarchives.org/OAI/2.0/ http://www.openarchives.org/OAI/2.0/OAI-PMH.xsd"><responseDate>2026-04-17T20:36:46Z</responseDate><request verb="GetRecord" identifier="oai:riubu.ubu.es:10259/9408" metadataPrefix="marc">https://riubu.ubu.es/oai/request</request><GetRecord><record><header><identifier>oai:riubu.ubu.es:10259/9408</identifier><datestamp>2024-07-18T22:01:09Z</datestamp><setSpec>com_10259_2699</setSpec><setSpec>col_10259_2727</setSpec></header><metadata><record xmlns="http://www.loc.gov/MARC21/slim" xmlns:doc="http://www.lyncode.com/xoai" xmlns:xsi="http://www.w3.org/2001/XMLSchema-instance" xmlns:dcterms="http://purl.org/dc/terms/" xsi:schemaLocation="http://www.loc.gov/MARC21/slim http://www.loc.gov/standards/marcxml/schema/MARC21slim.xsd">
<leader>00925njm 22002777a 4500</leader>
<datafield tag="042" ind1=" " ind2=" ">
<subfield code="a">dc</subfield>
</datafield>
<datafield tag="720" ind1=" " ind2=" ">
<subfield code="a">Olmo Alonso, Fabiola</subfield>
<subfield code="e">author</subfield>
</datafield>
<datafield tag="260" ind1=" " ind2=" ">
<subfield code="c">2024</subfield>
</datafield>
<datafield tag="520" ind1=" " ind2=" ">
<subfield code="a">La presente tesis doctoral describe diversos avances significativos de la espectroelectroquímica. Desde sus inicios, en los que sólo obtener una respuesta óptica relacionada con un proceso electroquímico suponía un avance significativo en la comprensión del proceso electródico, hasta este trabajo, en el que se obtienen respuestas ópticas con muy elevada reproducibilidad. En la tesis se demuestra el gran avance de la espectroelectroquímica, pasando de ser una técnica de caracterización hasta convertirse en una técnica analítica fiable y prometedora. Se presentan diversos estudios en los cuales se ha conseguido cuantificar de modo muy reproducible compuestos de interés biológico en matrices complejas, permitiendo resolver mezclas multicomponente sin necesidad de separaciones previas. Además, se han llevado a cabo experimentos espectroelectroquímicos combinando simultáneamente tres técnicas espectroscópicas, obteniendo cuatro respuestas de distinta naturaleza en un único experimento. Esta combinación de técnicas espectroelectroquímicas proporciona una gran cantidad de información sobre el estudio de los sistemas químicos.</subfield>
</datafield>
<datafield tag="520" ind1=" " ind2=" ">
<subfield code="a">This doctoral thesis describes several significant advances in spectroelectrochemistry. From its beginnings, in which only obtaining an optical response related to an electrochemical process meant a significant advance in the understanding of the electrochemical process, to this work, in which optical responses with very high reproducibility are obtained. The thesis demonstrates the great progress of spectroelectrochemistry, from being a characterization technique to becoming a reliable and promising analytical technique. Several studies are presented in which compounds of biological interest in complex matrices have been quantified in a very reproducible way, allowing the resolution of multicomponent mixtures without the need of previous separations. In addition, spectroelectrochemical experiments have been carried out combining simultaneously three spectroscopic techniques, obtaining four responses of different nature in a single experiment. This combination of spectroelectrochemical techniques provides a wealth of information on the study of chemical systems.</subfield>
</datafield>
<datafield tag="024" ind2=" " ind1="8">
<subfield code="a">http://hdl.handle.net/10259/9408</subfield>
</datafield>
<datafield tag="024" ind2=" " ind1="8">
<subfield code="a">10.36443/10259/9408</subfield>
</datafield>
<datafield ind1=" " ind2=" " tag="653">
<subfield code="a">Espectroelectroquímica</subfield>
</datafield>
<datafield ind1=" " ind2=" " tag="653">
<subfield code="a">Espectroscopía de absorción UV/Vis</subfield>
</datafield>
<datafield ind1=" " ind2=" " tag="653">
<subfield code="a">Análisis cuantitativo</subfield>
</datafield>
<datafield ind1=" " ind2=" " tag="653">
<subfield code="a">Electroquímica</subfield>
</datafield>
<datafield ind1=" " ind2=" " tag="653">
<subfield code="a">Análisis multivariante</subfield>
</datafield>
<datafield ind1=" " ind2=" " tag="653">
<subfield code="a">Spectroelectrochemistry</subfield>
</datafield>
<datafield ind1=" " ind2=" " tag="653">
<subfield code="a">UV/Vis absorption spectroscopy</subfield>
</datafield>
<datafield ind1=" " ind2=" " tag="653">
<subfield code="a">Quantitative analysis</subfield>
</datafield>
<datafield ind1=" " ind2=" " tag="653">
<subfield code="a">Electrochemistry</subfield>
</datafield>
<datafield ind1=" " ind2=" " tag="653">
<subfield code="a">Multivariate analysis</subfield>
</datafield>
<datafield tag="245" ind1="0" ind2="0">
<subfield code="a">Spectroelectrochemistry techniques applied to chemical analysis</subfield>
</datafield>
</record></metadata></record></GetRecord></OAI-PMH>